Cardinales de dos independencias : noreste de México - sureste de los Estados Unidos /

Estudio de la influencia que tuvo el lugar geográfico en las independencias de México y Estados Unidos, en otras palabras, cómo influyó el hecho de ser vecinos estos dos países para lograr su independencia.

Guardado en:
Detalles Bibliográficos
Formato: Libro
Idioma:Español
Publicado: México : Banco Nacional de México, Fomento Cultural, 1978, c1978
Temas:
Etiquetas: Agrega una etiqueta
Sin etiquetas, Sé el primero en etiquetar este registro!

MARC

LEADER 00000nam^a2200000^a^4500
001 000132758
005 20250521000000.0
009 20260310095108.642
037 |a Acervo ITESO - Biblioteca 
041 |a ESP 
082 |a 972. 032  |b CAR 
245 0 0 |a Cardinales de dos independencias :  |b noreste de México - sureste de los Estados Unidos / 
264 4 |a México :  |b Banco Nacional de México, Fomento Cultural,  |c 1978, c1978 
300 |a 218 p. 
336 |a texto  |b txt  |2 rdacontenido 
337 |a sin mediación  |b n  |2 rdamedio 
338 |a volumen  |b nc  |2 rdasoporte 
520 |a Estudio de la influencia que tuvo el lugar geográfico en las independencias de México y Estados Unidos, en otras palabras, cómo influyó el hecho de ser vecinos estos dos países para lograr su independencia. 
649 |a XX 
650 |a Geografía Política -  |z México -  |x Historia 
650 |a Geografía Política -  |z EUA -  |x Historia 
650 |a Geografía Histórica -  |z México 
650 |a Geografía Histórica -  |z EUA 
650 |a Fronteras Geopolíticas -  |z México-EUA -  |x Historia 
650 |a México (Frontera Norte) -  |x Historia 
650 |a Relaciones Internacionales -  |z México-EUA -  |x Historia 
650 |a Política -  |z México -  |x Historia -  |y Guerra de Independencia, 1810-1821 
650 |a Política -  |z EUA -  |x Historia -  |y Revolución, 1775-1783 
650 |a México -  |x Historia -  |y Guerra de Independencia, 1810-1821 
650 |a México -  |x Historia -  |y Epoca Colonial, 1517-1821 
650 |a EUA -  |x Historia -  |y Revolución, 1775-1783 
650 |a EUA -  |x Historia -  |y Epoca Colonial, 1607-1783 
910 |a Fondo Salvador Reynoso Reynoso 
920 |a Impresos - Libros 
930 |a Fondos Especiales 
905 |a 112 
901 |a 0800012679  |b IT2  |c ESP  |u 20250521 
902 |a https://opac.biblio.iteso.mx/vufind/Record/000132758